000 00274nam a2200097Ia 4500
001 1063430
005 20250827001656.0
008 250824s9999 xx 000 0 und d
245 0 _aOSMANLI İMPARATORLUĞU TARİHİ 5
_cJOHANN WILHELM ZINKEISEN
260 _bYEDİTEPE YAYINLARI
999 _c1063430
_d1063430